000 00568nam a2200229Ia 4500
003 OSt
005 20221006164905.0
006 a|||||r|||| 00| 0
007 ta
008 221006b |||||||| |||| 00| 0 eng d
024 _a219
037 _cTextual
040 _aFML
_cFML
_beng
041 _2eng
_aeng
082 _a1, J8
100 _aChase Stuart Au.
_9678602
245 0 _aSomethings Worth Knowing
260 _aNew York
_bHarper
_c1958
300 _a278
_ccm.
942 _h1, J8
_cTEXL
_2CC
999 _c1118836
_d1118836